000 00730nam a2200193Ia 4500
999 _c37535
_d37535
001 3499
003 GE_BSU
005 20190618155306.0
008 181216s1999||||ge |||||||||||||| ||geo||
040 _cGE_BSU
041 _ageo
080 _a631.3:633.72 დ–45
100 _aდიდმანიძე, ო.
_92552
245 _aრესურსდაზოგვის თეორიული საფუძვლები მეჩაიეობაში /
_cო. დიდმანიძე,
264 _aბათუმი :
_bაჭარა,
_c1999.
300 _a228 გვ. ;
_b22 სმ.
653 _aრესურსების დაზოგვა მეჩაიეობაში
942 _cBK
_2udc